[Event "Cartagena Bolivar"]
[Site "Cartagena"]
[Date "2014.03.10"]
[Round "6"]
[White "Medina Merino, Hernan"]
[Black "Mercado, Luisa Fernanda"]
[Result "1-0"]
[WhiteElo "1910"]
[BlackElo "1992"]
[PlyCount "81"]
[EventDate "2014.03.03"]
[EventType "tourn"]
[EventRounds "9"]
[EventCountry "COL"]
[SourceTitle "CBM 159 Extra"]
[Source "ChessBase"]
[SourceDate "2014.04.24"]
[SourceVersion "1"]
[SourceVersionDate "2014.04.24"]
[SourceQuality "1"]

1. e4 e5 2. Nf3 Nf6 3. Nxe5 d6 4. Nf3 Nxe4 5. d4 d5 6. Bd3 Be7 7. 0-0 Nc6 8. Re1 Bg4 9. c3 f5 10. h3 Bh5 11. Nbd2 0-0 12. Qb3 Kh8 13. Qxb7 Rf6 14. Qb3 Rb8 15. Qc2 Rg6 16. Kf1 Qd6 17. Re3 Nxd2+ 18. Bxd2 Bxf3 19. Rxf3 Qh2 20. Re1 Qxg2+ 21. Ke2 Re6+ 22. Re3 Rxe3+ 23. Bxe3 g6 24. b4 Qxh3 25. Qa4 Rb6 26. Kd2 Qh4 27. b5 f4 28. bxc6 fxe3+ 29. fxe3 Rb2+ 30. Bc2 Qf2+ 31. Re2 Qf1 32. Re1 Qf8 33. Re2 Qf3 34. Qa6 Kg7 35. Ke1 Rb6 36. Qd3 Rxc6 37. Kd2 Qf8 38. Bb1 Ba3 39. Kc2 Bb4 40. c4 dxc4 41. Qe4 1-0

[Event "Cartagena Bolivar"]
[Site "Cartagena"]
[Date "2014.03.06"]
[Round "4"]
[White "Medina Merino, Hernan"]
[Black "Dominguez, Ramiro"]
[Result "0-1"]
[WhiteElo "1910"]
[BlackElo "2229"]
[PlyCount "92"]
[EventDate "2014.03.03"]
[EventType "tourn"]
[EventRounds "9"]
[EventCountry "COL"]
[SourceTitle "CBM 159 Extra"]
[Source "ChessBase"]
[SourceDate "2014.04.24"]
[SourceVersion "1"]
[SourceVersionDate "2014.04.24"]
[SourceQuality "1"]

1. e4 e5 2. Nf3 Nc6 3. Bc4 Nf6 4. Ng5 Bc5 5. Bxf7+ Ke7 6. Bb3 Rf8 7. 0-0 d6 8. Nc3 h6 9. Nd5+ Nxd5 10. exd5 Nd4 11. Ne6 Bxe6 12. dxe6 Rf6 13. c3 Nxe6 14. Bxe6 Rxe6 15. d4 Bb6 16. Qg4 Qf8 17. Be3 exd4 18. Bxd4 Bxd4 19. Qxd4 Qf6 20. Qb4 b6 21. Rae1 Re8 22. Qc4 Kd8 23. Rxe6 Qxe6 24. Qd4 Re7 25. Qa4 a5 26. h3 Qe4 27. Qb3 Qe6 28. Qa4 Qf5 29. Qc4 Qc2 30. Qg8+ Kd7 31. b4 Qxc3 32. bxa5 Qxa5 33. f4 Qc5+ 34. Kh2 b5 35. Rf3 Qc4 36. Qa8 Re8 37. Qa5 Re2 38. a3 h5 39. Qa8 Qe4 40. Qxe4 Rxe4 41. Rg3 Rxf4 42. Rxg7+ Kc6 43. Kg3 Ra4 44. Rh7 Rxa3+ 45. Kh4 b4 46. Rh8 Ra5 0-1

[Event "COL-ch sf"]
[Site "Medellin"]
[Date "2014.??.??"]
[Round "3"]
[White "Arismendi Polanco, Efrain Steven"]
[Black "Medina Merino, Hernan"]
[Result "1-0"]
[WhiteElo "1848"]
[BlackElo "2103"]
[PlyCount "31"]
[EventDate "2014.04.15"]
[EventType "swiss"]
[EventRounds "11"]
[EventCountry "COL"]
[SourceTitle "CBM 160 Extra"]
[Source "ChessBase"]
[SourceDate "2014.07.01"]
[SourceVersion "1"]
[SourceVersionDate "2014.07.01"]
[SourceQuality "1"]

1. e4 e5 2. f4 exf4 3. Nf3 d5 4. exd5 Nf6 5. Bc4 Nxd5 6. 0-0 Nf6 7. d4 Bd6 8. Bb3 0-0 9. c4 b6 10. Nc3 a6 11. Qc2 Bg4 12. h3 Bxf3 13. gxf3 Nh5 14. Kh1 Qh4 15. Kh2 Qf6 16. Qf2 1-0

[Event "COL-ch sf"]
[Site "Medellin"]
[Date "2014.??.??"]
[Round "11"]
[White "Cano, Luis Fernando"]
[Black "Medina Merino, Hernan"]
[Result "1-0"]
[WhiteElo "2240"]
[BlackElo "2103"]
[PlyCount "47"]
[EventDate "2014.04.15"]
[EventType "swiss"]
[EventRounds "11"]
[EventCountry "COL"]
[SourceTitle "CBM 160 Extra"]
[Source "ChessBase"]
[SourceDate "2014.07.01"]
[SourceVersion "1"]
[SourceVersionDate "2014.07.01"]
[SourceQuality "1"]

1. e4 e5 2. Nf3 Nc6 3. Bb5 Nf6 4. 0-0 Nxe4 5. Re1 Nd6 6. Nxe5 Be7 7. Ba4 0-0 8. d4 Nf5 9. c3 Nxe5 10. Rxe5 d6 11. Re1 d5 12. Nd2 Nh4 13. Nf1 Qd6 14. g3 Ng6 15. Bc2 Bh3 16. Ne3 Bd7 17. Qh5 c6 18. f4 Rfe8 19. f5 Nf8 20. Ng4 g6 21. Qh6 gxf5 22. Rxe7 Qxe7 23. Bg5 Qe2 24. Nf6+ 1-0

[Event "COL-ch sf"]
[Site "Medellin"]
[Date "2014.??.??"]
[Round "10"]
[White "Medina Merino, Hernan"]
[Black "Escobar Medina, Andres F"]
[Result "1-0"]
[WhiteElo "2103"]
[BlackElo "2053"]
[PlyCount "97"]
[EventDate "2014.04.15"]
[EventType "swiss"]
[EventRounds "11"]
[EventCountry "COL"]
[SourceTitle "CBM 160 Extra"]
[Source "ChessBase"]
[SourceDate "2014.07.01"]
[SourceVersion "1"]
[SourceVersionDate "2014.07.01"]
[SourceQuality "1"]

1. e4 c5 2. Nf3 d6 3. d4 cxd4 4. Qxd4 e5 5. Bb5+ Nc6 6. Qd3 Nf6 7. Nc3 Bd7 8. Bg5 Nb4 9. Qe2 Qa5 10. Bxf6 Bxb5 11. Qxb5+ Qxb5 12. Nxb5 gxf6 13. 0-0-0 Kd7 14. Kb1 Rc8 15. c3 Nc6 16. Nh4 a6 17. Na3 b5 18. Nc2 Rg8 19. g3 a5 20. Nf5 Be7 21. Rd5 b4 22. cxb4 Nxb4 23. Nxb4 axb4 24. Rhd1 Rc4 25. Nxd6 Bxd6 26. Rxd6+ Ke7 27. Rd7+ Kf8 28. Rd8+ Kg7 29. Rxg8+ Kxg8 30. f3 Kg7 31. Rc1 Rd4 32. Kc2 Kg6 33. Rd1 b3+ 34. axb3 Rb4 35. Kc3 Rb7 36. b4 f5 37. Rd6+ f6 38. exf5+ Kxf5 39. Rc6 h5 40. Kc4 h4 41. b5 h3 42. b6 Rd7 43. Rc7 Rd2 44. b4 Rxh2 45. Rh7 Rc2+ 46. Kb5 h2 47. b7 Rc7 48. Rh5+ Kg6 49. b8Q 1-0

[Event "Bolivar Province-ch qual"]
[Site "Cartagena"]
[Date "2013.05.17"]
[Round "2"]
[White "Medina Merino, Hernan"]
[Black "Arnedo Jimenez, Jhon Edison"]
[Result "1-0"]
[WhiteElo "1916"]
[BlackElo "1644"]
[PlyCount "73"]
[EventDate "2013.05.16"]
[EventType "swiss"]
[EventRounds "7"]
[EventCountry "COL"]
[SourceTitle "EXT 2014"]
[Source "ChessBase"]
[SourceDate "2013.11.20"]
[SourceVersion "1"]
[SourceVersionDate "2013.11.20"]
[SourceQuality "1"]

1. e4 e5 2. Nf3 Nc6 3. Bc4 Bc5 4. b4 Bxb4 5. c3 Ba5 6. d4 Qe7 7. Ba3 d6 8. d5 Nd4 9. Nxd4 exd4 10. 0-0 Bd7 11. e5 0-0-0 12. exd6 cxd6 13. Qxd4 Bb6 14. Qf4 Qe5 15. Bxd6 Qxf4 16. Bxf4 Re8 17. Nd2 f5 18. Bd3 h6 19. Nc4 Bc7 20. Nd6+ Bxd6 21. Bxd6 Nf6 22. c4 Ne4 23. Bb4 b6 24. Rfe1 Kc7 25. Re3 Nd6 26. Rae1 Rxe3 27. Rxe3 a5 28. Bc3 Rg8 29. Re7 g6 30. c5 Ne4 31. Bxe4 bxc5 32. Be5+ Kd8 33. Bf6 Kc7 34. Bd3 Kd6 35. Bc4 Rb8 36. Be5+ Kxe7 37. Bxb8 1-0